| 000 | 00491nam a2200169Ia 4500 | ||
|---|---|---|---|
| 008 | 230718s9999 xx 000 0 und d | ||
| 020 | _a9788121929783 | ||
| 041 | _aeng | ||
| 082 |
_a541.3 _bBAH |
||
| 100 | _aBahl A. | ||
| 245 | _aEssentials Of Physical Chemistry | ||
| 260 |
_c2016 _bS. Chand & Company Pvt. Ltd. |
||
| 300 |
_a1262 _dRef 440 G (54234) |
||
| 365 |
_cRs. _b795.00 |
||
| 700 | _aBahl A.; Bahl B.S. & Tuli G.D. | ||
| 906 |
_dO:0528130-Aug-2016B:321427-Aug-2016 _cBSH _b2893.8 |
||
| 999 |
_c343054 _d343054 |
||